000 00547nam a22001697a 4500
005 20260205111520.0
008 260205b |||||||| |||| 00| 0 eng d
020 _a978-178135107-9
050 _aLB 1027.3 .R63 2014
100 _aROBERTSON, JULIET
245 _aDIRTY TEACHING: A BEGINNER'S GUIDE TO LEARNING OUTDOORS.
260 _aCARMARTHEN, WALE,
_bINDEPENDENT THINKING PRESS,
_c2014.
300 _aiv, 215 p, ILL
500 _aINCLUDE BIBLIOGRAPHY AND INDEX
650 _a1. OUTDOOR LEARNING 2. EXPERIENTAL LEARNING
942 _2lcc
_cBK
999 _c216555
_d216555